000 00266nam a2200097Ia 4500
005 20250424112935.0
008 250424s9999 xx 000 0 und d
300 _avi. 117 p. :ill. ; 29 cm.
650 _aElectrical and Electronic Engineering--Periodicals.
942 _cSR
999 _c38004
_d38004